000
00282nam a2200109Ia 4500
008
220204s9999 xx 000 0 und d
082
_a
681.2
_b
FRI
100
_a
Fribance, Austin E
245
0
_a
Industrial instrumentation fundamentals
260
_a
New Delhi
_b
TMH
_c
1962
942
_c
BK
999
_c
24775
_d
24775